Home Print Resources E-Books E-Journals IIMT Lecture Series Library Membership Form Book Recommendation Form Campus Tour Take AdmissionAbout Us Contact Us

PERSONAL GROWTH AND TRAINING DEVELOPMENT (Record no. 2667)

000 -LEADER
fixed length control field 00390nam a2200157Ia 4500
003 - CONTROL NUMBER IDENTIFIER
control field OSt
005 - DATE AND TIME OF LATEST TRANSACTION
control field 20240329165942.0
008 - FIXED-LENGTH DATA ELEMENTS--GENERAL INFORMATION
fixed length control field 170524s9999 xx 000 0 und d
020 ## - INTERNATIONAL STANDARD BOOK NUMBER
International Standard Book Number 9788174467607
040 ## - CATALOGING SOURCE
Transcribing agency IIMT UNIVERSITY
100 ## - MAIN ENTRY--PERSONAL NAME
Personal name LALL,MADHURIMA
245 #0 - TITLE STATEMENT
Title PERSONAL GROWTH AND TRAINING DEVELOPMENT
260 ## - PUBLICATION, DISTRIBUTION, ETC.
Place of publication, distribution, etc. NEW DELHI
Name of publisher, distributor, etc. EXCEL BOOK
Date of publication, distribution, etc. 2009
300 ## - PHYSICAL DESCRIPTION
Extent 572
942 ## - ADDED ENTRY ELEMENTS (KOHA)
Source of classification or shelving scheme
Koha item type Book Bank
Holdings
Withdrawn status Lost status Source of classification or shelving scheme Damaged status Not for loan Home library Current library Date acquired Barcode Date last seen Uniform Resource Identifier Price effective from Koha item type Total Checkouts Date last checked out Total Renewals
          IIMT University Central Library Meerut IIMT University Central Library Meerut 05/31/2017 01-B-20602 05/31/2017 MANAGEMENT 05/31/2017 Book Bank      
          IIMT University Central Library Meerut IIMT University Central Library Meerut 05/31/2017 01-B-20603 05/31/2017 MANAGEMENT 05/31/2017 Book Bank      
          IIMT University Central Library Meerut IIMT University Central Library Meerut 05/31/2017 01-B-20604 02/01/2018 MANAGEMENT 05/31/2017 Book Bank      
          IIMT University Central Library Meerut IIMT University Central Library Meerut 05/31/2017 01-B-20605 05/31/2017 MANAGEMENT 05/31/2017 Book Bank      
          IIMT University Central Library Meerut IIMT University Central Library Meerut 05/31/2017 01-B-20606 05/31/2017 MANAGEMENT 05/31/2017 Book Bank      
          IIMT University Central Library Meerut IIMT University Central Library Meerut 05/31/2017 01-B-20607 02/18/2025 MANAGEMENT 05/31/2017 Book Bank 2 10/15/2024  
          IIMT University Central Library Meerut IIMT University Central Library Meerut 05/31/2017 01-B-20608 04/30/2019 MANAGEMENT 05/31/2017 Book Bank 1 04/15/2019 1
          IIMT University Central Library Meerut IIMT University Central Library Meerut 05/31/2017 01-B-20609 05/31/2017 MANAGEMENT 05/31/2017 Book Bank      
          IIMT University Central Library Meerut IIMT University Central Library Meerut 05/31/2017 01-B-20610 05/31/2017 MANAGEMENT 05/31/2017 Book Bank      
IIMT, Central Library. All Rights Reserved IIMT,UNIVERSITY © 2023
Implemented and Customised by I CLOUDE EMS
You Are OPAC Visitor No
free web counter

Powered by Koha